000 00910nam a22002897a 4500
001 020045415
003 DO-SdBPM
005 20250602123133.0
007 020045415
008 161202b1999 sp a |||| 00| 0 spa d
020 _a8437223512
040 _aDO-SdBPM
_bspa
_cBPMSU
082 4 _a823.8
_bA628c 1999
_222
100 1 _aAnholt, Laurence
240 1 0 _aCinderboy
245 1 0 _aCeniciento /
_cescrito por Laurence Anholt ; ilustrado por Arthur Robins ; traducido por Carlo Frabetti.
260 _aMadrid :
_bAltea,
_c1999.
300 _a63 p. :
_bil. ;
_c20 cm.
490 0 _aHistorias de siempre contadas como nunca
500 _aA partir de 10 aƱos
590 _aInventariado, 2025/VM
650 4 _aCuentos infantiles ingleses |
700 1 _aFrabetti, Carlo,
_etraductor
700 1 2 _aRobins, Arthur,
_eilustrador
910 _aVMateo V. Control de calidad. BPMSU
942 _2ddc
_cBK
999 _c12227
_d12227